Big data: Management and analytics (Record no. 1321)

MARC details
000 -LEADER
fixed length control field 00446nam a2200169Ia 4500
008 - FIXED-LENGTH DATA ELEMENTS--GENERAL INFORMATION
fixed length control field 230917s9999||||xx |||||||||||||| ||und||
020 ## - ISBN
Price RS 399.00
040 ## - CATALOGING SOURCE
-- 5001652
Original cataloging agency VIVEKANANDA LIBRARY
041 ## - Language
-- English
082 ## - DDC NUMBER
Classification number 005.7 U1B
100 ## - MAIN ENTRY--PERSONAL NAME
Personal name Upadhyay, Nitin
245 #0 - TITLE STATEMENT
Title Big data: Management and analytics
260 ## - PUBLICATION, DISTRIBUTION, ETC. (IMPRINT)
Place of publication, distribution, etc Delhi
Name of publisher, distributor, etc Cengage
Date of publication, distribution, etc 2018
300 ## - PHYSICAL DESCRIPTION
Pages xiii, 296 p.
500 ## - GENERAL NOTE
General note 3956 03/01/2020 HBD20/8174 24/01/2020 Main Budget
942 ## - ADDED ENTRY ELEMENTS (KOHA)
Koha item type Books
Holdings
Withdrawn status Lost status Damaged status Not for loan Location (home branch) Sublocation or collection (holding branch) Date acquired Koha issues (times borrowed) Koha full call number Accession No. Koha date last seen Koha item type
        VIVEKANANDA LIBRARY VIVEKANANDA LIBRARY 13/02/2020   005.7 U1B 396255 17/09/2023 Books
        VIVEKANANDA LIBRARY VIVEKANANDA LIBRARY 13/02/2020 2 005.7 U1B 396256 16/11/2024 Books
        VIVEKANANDA LIBRARY VIVEKANANDA LIBRARY 13/02/2020   005.7 U1B 396257 17/09/2023 Books
        VIVEKANANDA LIBRARY VIVEKANANDA LIBRARY 13/02/2020 1 005.7 U1B 396258 28/03/2024 Books
© Designed and Maintained by Vivekananda Library, MDU Rohtak